| 000 | 00800nam a2200241 a 4500 | ||
|---|---|---|---|
| 005 | 20250903063925.0 | ||
| 008 | 030508s2000 mx r 000 0 spa d | ||
| 020 | _a8477387206 | ||
| 035 | _aUPN01000123980 | ||
| 049 | _aCG | ||
| 050 | 4 |
_aQ181 _bP7.5 |
|
| 100 | 1 | _aPrieto Ruz, Teresa | |
| 245 | 1 | 3 |
_aLa materia y los materiales / _cTeresa Prieto Ruz, Angel Blanco López, Francisco González García. |
| 260 |
_aMadrid : _bSíntesis, _c[2000]. |
||
| 300 | _a235 p. | ||
| 440 | 0 |
_aSíntesis educación. _pDidáctica de las ciencias experimentales ; _n2 |
|
| 500 | _a"Práctica educativa" | ||
| 650 | 4 |
_aCiencia _xEstudio y enseñanza _96354 |
|
| 650 | 4 |
_aDiseño curricular _96719 |
|
| 700 | 1 |
_aBlanco López, Angel, _ecoaut. |
|
| 700 | 1 |
_aGonzález García, Francisco, _dcoaut. |
|
| 905 | _aLibro | ||
| 999 |
_c96159 _d96159 |
||